Kinh tế Sài Gòn Số 19-2023 (1.691)
Nội dung số này trình bày: ý kiến, trực kí trực tin, ghi nhận, theo dòng thời sự, sổ tay, doanh nhân và doanh nghiệp,văn hóa và xã hội,...
Saved in:
| Format: | Book |
|---|---|
| Language: | Vietnamese |
| Published: |
Tp. Hồ Chí Minh
Saigon times group
2023
|
| Subjects: | |
| Tags: |
Add Tag
No Tags, Be the first to tag this record!
|
| Institutions: | Thư viện Trường Đại học Nam Cần Thơ |
|---|
| LEADER | 02305nam a22003377a 4500 | ||
|---|---|---|---|
| 001 | NCT_4_000043 | ||
| 008 | 230615b xxu||||| |||| 00| 0 vie d | ||
| 999 | |c 7866 |d 7866 | ||
| 020 | |c 25000 | ||
| 022 | |a 0868-3344 | ||
| 041 | 0 | |a vie | |
| 082 | 0 | 4 | |2 23rd ed. |a 330 |b Th462B |
| 245 | 0 | 0 | |a Kinh tế Sài Gòn |n Số 19-2023 (1.691) |c Uỷ ban nhân dân Thành phố Hồ Chí Minh |
| 260 | |a Tp. Hồ Chí Minh |b Saigon times group |c 2023 | ||
| 300 | |c 29cm | ||
| 310 | |a 1 tháng 4 kỳ | ||
| 362 | |a 11/05/2023 | ||
| 520 | 3 | |a Nội dung số này trình bày: ý kiến, trực kí trực tin, ghi nhận, theo dòng thời sự, sổ tay, doanh nhân và doanh nghiệp,văn hóa và xã hội,... | |
| 655 | |a Tạp chí | ||
| 942 | |2 ddc |c CR | ||
| 952 | |0 0 |1 0 |2 ddc |4 0 |6 330_000000000000000_TH462B |7 0 |9 27874 |a 000001 |b 000001 |d 2023-06-15 |o 330 Th462B |r 2023-06-15 |v 25000.00 |w 2023-06-15 |y CR | ||
| 952 | |0 0 |1 0 |2 ddc |4 0 |6 330_000000000000000_TH462B |7 0 |9 27875 |a 000001 |b 000001 |d 2023-06-15 |o 330 Th462B |r 2023-06-15 |v 25000.00 |w 2023-06-15 |y CR | ||
| 952 | |0 0 |1 0 |2 ddc |4 0 |6 330_000000000000000_TH462B |7 0 |9 27876 |a 000001 |b 000001 |d 2023-06-15 |o 330 Th462B |r 2023-06-15 |v 25000.00 |w 2023-06-15 |y CR | ||
| 952 | |0 0 |1 0 |2 ddc |4 0 |6 330_000000000000000_TH462B |7 0 |9 27877 |a 000001 |b 000001 |d 2023-06-15 |o 330 Th462B |r 2023-06-15 |v 25000.00 |w 2023-06-15 |y CR | ||
| 952 | |0 0 |1 0 |2 ddc |4 0 |6 330_000000000000000_TH462B |7 0 |9 27878 |a 000001 |b 000001 |d 2023-06-15 |o 330 Th462B |r 2023-06-15 |v 25000.00 |w 2023-06-15 |y CR | ||
| 952 | |0 0 |1 0 |2 ddc |4 0 |6 330_000000000000000_TH462B |7 0 |9 27879 |a 000001 |b 000001 |d 2023-06-15 |o 330 Th462B |r 2023-06-15 |v 25000.00 |w 2023-06-15 |y CR | ||
| 952 | |0 0 |1 0 |2 ddc |4 0 |6 330_000000000000000_TH462B |7 0 |9 27880 |a 000001 |b 000001 |d 2023-06-15 |o 330 Th462B |r 2023-06-15 |v 25000.00 |w 2023-06-15 |y CR | ||
| 952 | |0 0 |1 0 |2 ddc |4 0 |6 330_000000000000000_TH462B |7 0 |9 27881 |a 000001 |b 000001 |d 2023-06-15 |o 330 Th462B |r 2023-06-15 |v 25000.00 |w 2023-06-15 |y CR | ||
| 952 | |0 0 |1 0 |2 ddc |4 0 |6 330_000000000000000_TH462B |7 0 |9 27882 |a 000001 |b 000001 |d 2023-06-15 |o 330 Th462B |r 2023-06-15 |v 25000.00 |w 2023-06-15 |y CR | ||
| 952 | |0 0 |1 0 |2 ddc |4 0 |6 330_000000000000000_TH462B |7 0 |9 27883 |a 000001 |b 000001 |d 2023-06-15 |o 330 Th462B |r 2023-06-15 |v 25000.00 |w 2023-06-15 |y CR | ||
| 980 | |a Thư viện Trường Đại học Nam Cần Thơ | ||